Statistiken für Filme und ihre Zitate

Klicken Sie hier um das Quiz zu spielen!

Allgemein

  • Dieses Quiz wurde 681 mal gespielt
  • Das Durchschnittsergebnis liegt bei 3 aus 20

Antwortstatistiken

HintAntwort% Korrekt
Hmmmm....das ist ein guter BurgerPulp Fiction
55%
Ich liebe den Geruch von Napalm am MorgenApokalypse Now
49%
"Warum nennst Du mich andauernd Calvin?" - "Aber so heißt Du doch, oder? Calvin Klein. Das steht jedenfalls da auf deiner Unterhose"Zurück in die Zukunft
47%
Aus Texas?! Nur Stiere und Schwule kommen aus Texas, Privat Cowboy, und nach "nem Stier sehen sie mir nicht gerade aus, also wird die Wahl doch eng."Full Metal Jacket
38%
Du kannst keine Kinder kriegen, Stan, du hast keine Mumu! Und eine Gebärmutter hast du auch nicht, wie soll denn das funktionieren!Das Leben des Brian
24%
Also gut, einigen wir uns auf UnentschiedenDie Ritter der Kokosnuss
21%
Torpedos, das Stück für 20.000 Mark,und alles was wir brauchen ist für 50 Pfennig alter Draht.Das Boot
20%
Wir sitzen jetzt hier eine Woche fest, kämpfen gegen Fishers kleine Privatarmee und wenn wir sterben fallen wir in den Limbus und sind dort bis unsere Hirne zu Rührei werden, klasse.Inception
19%
Lauft nicht weg - wir kommen in FriedenMars Attacks
9%
Der Mensch hat den Mount Everest bezwungen, hat den Grund des Ozeans erforscht, er hat Raketen auf den Mond geschossen, Atome gespalten. Er hat Wunder vollbracht auf allen Gebieten menschlichen Strebens, nur nicht in der KriminalitätJames Bond - Goldfinger
8%
"Hafenkonzert ??" - "Nein, HARFENKONZERT. Ne Harfe ist so'n Gartenzaun, wo man reingrabscht..."Vier Fäuste gegen Rio
7%
Geboren wurde er mit einem Lenkrad in der Hand und einem Gaspedal unter seinem Stiefel. Er ist der Nightrider und in seinem Tank ist die Furcht der anderen. Hört ihr mich? Hier spricht der NightriderMad Max
6%
"Was macht dieser Mann hier?!" - "Bluten, Sir."Beverly Hills Cop
3%
"Hey Lady !"..... "Lady nennt man die Frau von 'nem Britischen Lord. Mein Name ist Bishop, Aufseher Bishop"Con Air
3%
Ich lebe in einem Zustand seelischer Divergenz. Ich befinde mich auf dem fernen Planeten Ogo, als Mitglied einer intellektuellen Elite, und wir bereiten die Unterwerfung der barbarischen Horden auf Pluto vor.12 Monkeys
2%
Ich möchte eine unrechtmäßige Verhaftung melden." - "Dann müssen Sie zur Informationsausgleichstelle. Andere Abteilung." - "Aber da war ich doch schon, ich komme gerade von da. Die haben mich hergeschickt. Sie sagten, dass Sie ein Formular haben, dass ich ausfüllen muss." - "Haben Sie eine Verhaftungsquittung?" - "Ja." - "Ist sie gestempelt?" - "Gestempelt? - Nein nein. Da ist kein Stempel drauf. Sehen Sie! Ich kann Ihnen das Formular nicht geben, bevor das nicht gestempelt ist." - "Und wo kriege ich das gestempelt?" - "Informationsausgleichstelle."Brazil
2%
Ich werde das bakterianische Volk in Stücke reißen, wie diese langweilige Spaghetti hierDer grosse Diktator
2%
Ich bitte Sie zu akzeptieren, dass es nirgendwo auf der Erde ein Volk gibt, das nicht seine eigene, weniger gute Regierung, der guten Regierung einer fremden Macht, vorziehtGandhi
2%
Sind Daumen denn überhaupt Finger?Der englische Patient
1%
"Wie lange wart ihr in Mexico?" - "Ne Woche. Ich meine nen Tag." - "Also was nun, ne Woche oder einen Tag?" - "Ähh...ein Wochentag!?"Viel Rauch um nichts
1%

Verteilung der Resultate

Perzentil nach korrekt beantworteten Fragen

Anzahl Personen mit jedem Resultat

Ihre Resultats-Entwicklung

Sie haben dieses Quiz noch nicht gespielt